| 000 | 01101cam a2200361 a 4500 | ||
|---|---|---|---|
| 999 |
_c4669 _d4669 |
||
| 001 | 215962 | ||
| 003 | GBCCL | ||
| 005 | 20241126110523.0 | ||
| 008 | 981112s1999 cau b 000 0 eng | ||
| 010 | _a 98050206 | ||
| 020 | _a0830723951 (hc) | ||
| 020 | _a9780830723959 (hc) | ||
| 020 | _a0830723897 (ITPE) | ||
| 020 | _a9780830723898 (ITPE) | ||
| 035 | _a(OCoLC)ocm40354727 | ||
| 035 | _a(OCoLC)40354727 | ||
| 040 |
_aDLC _cDLC _dOCLCQ _dBAKER _dBTCTA _dYDXCP _dOCLCG _dLBB |
||
| 049 | _aLBBK | ||
| 050 | 0 | 0 |
_aBT767 _b.B885 1999 |
| 082 | 0 | 0 |
_a234.8 _221 _bBRO |
| 090 |
_aBT767 _b.B885 1999 |
||
| 100 | 1 |
_aBrown, Michael L., _d1955- _95419 |
|
| 245 | 1 | 0 |
_aGo and sin no more : _ba call to holiness / _cMichael L. Brown. |
| 260 |
_aVentura, Calif. : _bRenew, _cc1999. |
||
| 300 |
_a312 p. ; _c23 cm. |
||
| 504 | _aIncludes bibliographical references (p. 287-312). | ||
| 520 | _aChristian Library of Lancaster Collection. | ||
| 600 | 1 | 0 |
_aBrown, Michael L., _d1955- _95419 |
| 650 | 0 |
_aHoliness. _95204 |
|
| 650 | 0 |
_aSalvation. _9452 |
|
| 650 | 0 |
_aChristian life. _9183 |
|
| 942 |
_2ddc _cBK _05 |
||